000 00546cam a2200217 4500
008 090401t1995 xxu||||| |||| 00| 0 eng d
020 _a0582236584
035 _a(Sirsi) u24825
041 _aeng
050 _a624.17
100 _aGauld, Bryan J.B
245 _aStructures for architects.
250 _a3rd ed.
260 _aHarlow, Essex
_bLongman
_c1995
300 _a169p. : ill. ; 24cm.
350 _a13.99
650 _aSTRUCTURAL DESIGN
690 _aBUILT ENVIRONMENT-CONSTRUCTION DESIGN
942 _n0
948 _c04/03/1997
999 _c88617
_d88617